Les Titres de Florent Pagny avec les initiales - Statistiques

Statistiques générales
  • Ce quiz a été pris 40 fois
  • Le résultat moyen est 6 sur 12
Statistiques - réponses
Initiales Titres % Correct
E_ U_ J__ U_ F___ Et un jour une femme
88%
S___ A__ Savoir Aimer
88%
M_ L___ D_ P___ Ma liberté de penser
85%
S_ T_ V__ M'____ Si tu veux m'essayer
74%
L_ O_ J_ T'_____ Là où je t'emmenerai
71%
C____ L_ H___ Chatelet les Halles
56%
L_ M__ P____ Les Murs porteurs
53%
B____ C__ M_ Bienvenue chez moi
38%
L_ M____ Q_ J'__ La musique que j'aime
29%
V___ A__ T_ Vieillir avec toi
18%
P___ Q_ R__ Presse qui roule
15%
T__ C__ Terra Corsa
6%
Aucun quiz correspondant
Distribution des résultats
% des personnes avec chaque résultat
Percentile par nombre de réponses
Votre historique - résultats
Vous n’avez pas pris ce quiz